Cuna de cóndores

Zapisane w:
Opis bibliograficzny
1. autor: Latorre Court, Mariano (Autor)
Format: Książka
Język:hiszpański
Wydane: Santiago Imprenta Universitaria 1918
Wydanie:1a. ed
Hasła przedmiotowe:
Etykiety: Dodaj etykietę
Nie ma etykietki, Dołącz pierwszą etykiete!

MARC

LEADER 00000nam a2200000 a 4500
001 UCJ3377
003 CL-VaPUC
005 20221025143827.0
008 070124e19180000CL |||||||||||||||||spa|d
999 |c 319499  |d 319497 
040 |c Pontificia Universidad Católica de Valparaíso 
082 0 4 |a Ch863  |b LAT  |2 21 
100 |a Latorre Court, Mariano  |e author  |9 611032 
245 1 0 |a Cuna de cóndores 
250 |a 1a. ed 
260 |a Santiago  |b Imprenta Universitaria  |c 1918 
300 |a 241 p 
500 |a Prólogo de Omer Emeth 
583 |a last modification  |c 20070124 00:00:00  |k Rodrigo Vera 
600 0 |a Vaïsse, Emilio   |q (Emeth, Omer),  |d 1860-1935  |9 877930 
650 7 |a PREMIO NACIONAL DE LITERATURA 1944  |2 CL-VaPUC  |9 505165 
650 0 |a Novela   |9 313705 
942 |c BK  |2 ddc 
945 |d 20070124 00:00:00  |a rinostro 
952 |0 0  |1 0  |4 0  |6 CH_863_000000000000000_LAT_1918  |7 0  |8 X  |9 397831  |a FDOBUD  |b FDOBUD  |d 2019-11-22  |i 1002481  |o Ch863 LAT 1918  |p 1002481  |r 2019-11-22  |w 2019-11-22  |y BK_X  |k BUD 
952 |0 0  |1 0  |4 0  |6 CH_863_000000000000000_LAT_1918  |7 0  |8 X  |9 397832  |a FDOBUD  |b FDOBUD  |d 2019-11-22  |i 1010859  |o Ch863 LAT 1918  |p 1010859  |r 2019-11-22  |w 2019-11-22  |y BK_X  |k BUD